Սպանված աղավնին : (Record no. 492621)
[ view plain ]
| 000 -LEADER | |
|---|---|
| fixed length control field | 01024nam a2200229 a 4500 |
| 001 - CONTROL NUMBER | |
| control field | 001053830 |
| 003 - CONTROL NUMBER IDENTIFIER | |
| control field | AM-YeHGA |
| 005 - DATE AND TIME OF LATEST TRANSACTION | |
| control field | 20250618075742.0 |
| 008 - FIXED-LENGTH DATA ELEMENTS--GENERAL INFORMATION | |
| fixed length control field | 980505s2014 ||||||||||||||||||||arm|d |
| 020 ## - INTERNATIONAL STANDARD BOOK NUMBER | |
| International Standard Book Number | 9789939819556 |
| 040 ## - CATALOGING SOURCE | |
| Original cataloging agency | AM-YeHGA |
| 090 ## - LOCALLY ASSIGNED LC-TYPE CALL NUMBER (OCLC); LOCAL CALL NUMBER (RLIN) | |
| -- | 495999 |
| 100 1# - MAIN ENTRY--PERSONAL NAME | |
| Personal name | Նար-Դոս, |
| Dates associated with a name | 1867-1933 |
| 9 (RLIN) | 1453 |
| 245 10 - TITLE STATEMENT | |
| Title | Սպանված աղավնին : |
| Remainder of title | Վիպակ և պատմվածքներ / |
| Statement of responsibility, etc. | Նար-Դոս ; Կազմ.՝ Ս. Հակոբյան. |
| 260 ## - PUBLICATION, DISTRIBUTION, ETC. | |
| Place of publication, distribution, etc. | Երևան : |
| Name of publisher, distributor, etc. | Գրաբեր, |
| Date of publication, distribution, etc. | 2014. |
| 300 ## - PHYSICAL DESCRIPTION | |
| Extent | 240 էջ ; |
| Dimensions | 20 սմ. |
| 500 ## - GENERAL NOTE | |
| General note | Տողատակի ծանոթագր. |
| 505 00 - FORMATTED CONTENTS NOTE | |
| Formatted contents note | Հոգուն վրա հասավ; Հոպոպ; Սև փողերի տոկոսը; Ադամամութին; Նեղ օրերից մեկը; Վերջին մոհիկաններ; Աղամիրով Դավիթ Ֆոմիչը; Ես և նա; Ես; Նա; |
| 650 14 - SUBJECT ADDED ENTRY--TOPICAL TERM | |
| Topical term or geographic name entry element | Հայ գրականություն |
| General subdivision | Վիպակ |
| 650 14 - SUBJECT ADDED ENTRY--TOPICAL TERM | |
| Topical term or geographic name entry element | Հայ գրականություն |
| General subdivision | Պատմվածք |
| 700 1# - ADDED ENTRY--PERSONAL NAME | |
| Personal name | Հակոբյան, Սոնա |
| Relator term | կազմ. |
| Relationship | com |
| Withdrawn status | Lost status | Source of classification or shelving scheme | Damaged status | Not for loan | Collection | Home library | Current library | Date acquired | Total checkouts | Full call number | Barcode | Date last seen | Price effective from | Koha item type | Public note |
|---|---|---|---|---|---|---|---|---|---|---|---|---|---|---|---|
| Universal Decimal Classification | General | Fundamental Scientific Library | Fundamental Scientific Library | 10/04/2019 | AII/104518 | FL0572203 | 10/04/2019 | 10/04/2019 | Գրքեր / Books | 30 Days Loan |
ՀՀ Գիտությունների ազգային ակադեմիայի հիմնարար գիտական գրադարան = Fundamental Scientific Library of NAS RA
All site content, except where otherwise noted, is licensed under a